000 00391nam a22001577a 4500
020 _a978-93-5000-903-1
082 _aH301
_bVIJ/T
100 _aVijaydaan Detha
245 _aTeen sau tees kahavati kahaniyan/
_cby Vijaydaan Detha
260 _aNew Delhi:
_bVani,
_c2014.
300 _a472p.
650 _aStories Hindi
650 _aLiterature Hindi
650 _aLiterature
942 _cBK
999 _c52644
_d52644